书目信息 |
| 书名: | Social problems and the quality of life | |
| 作者: | Robert H. Lauer. | |
| 分册号: | ||
| 分册名: | 出版地: | Dubuque, IA : |
|
| 出版社: | Wm. C. Brown | |
| 出版时间: | c1995. | |
| 页数: | xvi, 615 p. : | |
| 开本: | 23 cm. | |
| 丛书名: | ||
| 中图分类号: | ||
| 科图分类号: | ||
| 其他分类号: | C913 | |
| 主题词: | ||
| 电子资源: | ||
| 000 | 01332cam 2200301 a 4500 | |
| 001 | E0760284443 | |
| 005 | 20070513165011.98 | |
| 008 | 0204121995 iaua b 001 0 eng | |
| 010 | @a 90086156 | |
| 020 | @a0-697-24175-0. | |
| 040 | @aDLC@cDLC@dMLX | |
| 043 | @an-us--- | |
| 050 | 00 | @aHN57@b.L39 1992 |
| 082 | 00 | @a361.1/0973 @2 20 |
| 090 | @aD771.28/X42(1) | |
| 090 | @aC913 | |
| 093 | @aC913 @2 3 | |
| 099 | @dC913@ex176=6 | |
| 100 | 1 | @aLauer, Robert H. |
| 245 | 10 | @aSocial problems and the quality of life / @cRobert H. Lauer. |
| 250 | @a6th ed. | |
| 260 | @aDubuque, IA :@bWm. C. Brown,@cc1995. | |
| 300 | @axvi, 615 p. :@bill. ;@c23 cm. | |
| 504 | @aIncludes bibliographical references (p. 551-577) and indexes. | |
| 505 | 0 | @aFoundations -- Understanding social problems -- Myths and facts -- Problems of deviance -- Sexual variance -- Drugs and alcohol -- Health care and illness -- Crime and delinquency -- Violence -- Problems of inequality -- Wealth and poverty -- The aged -- Sex inequality -- Racial minorities -- Problems of social institutions -- Work -- Education -- Family problems -- Global social problems -- War -- Ecology and population. |
| 650 | 0 | @aQuality of life@zUnited States. |
| 650 | 0 | @aSocial problems. |
| 651 | 0 | @aUnited States@xSocial conditions. |
| Social problems and the quality of life / / Robert H. Lauer.-6th ed.-Dubuque, IA : : Wm. C. Brown, , c1995. |
| xvi, 615 p. : : ill. ; ; 23 cm. |
| Includes bibliographical references (p. 551-577) and indexes.-Foundations -- Understanding social problems -- Myths and facts -- Problems of deviance -- Sexual variance -- Drugs and alcohol -- Health care and illness -- Crime and delinquency -- Violence -- Problems of inequality -- Wealth and poverty -- The aged -- Sex inequality -- Racial minorities -- Problems of social institutions -- Work -- Education -- Family problems -- Global social problems -- War -- Ecology and population. |
| ISBN 0-697-24175-0. |
| ● |
| 相关链接 |
|
|
|
|
正题名:Social problems and the quality of life
索取号:C913/x176=6
 
预约/预借
| 序号 | 登录号 | 条形码 | 馆藏地/架位号 | 状态 | 备注 |
| 1 | 0008549 | 300085495 | 第二样本阅览室/ [索取号:C913/x176=6] | 在馆 | |
| 2 | 0008550 | 300085501 | 第四借阅区/ [索取号:C913/x176=6] | 在馆 | |
| 3 | 0008551 | 300085510 | 第四借阅区/ [索取号:C913/x176=6] | 在馆 |